00837 a2200169 45000010006000000050017000060080041000230030015000640400040000790800117001192450058002362640043002943000019003375050259003561000021006157000031006365337720260407155808.0260407a1970 arg spa dAR-UNSa-BCEJYS aAR-UNSa-BCEJYSbspacAR-UNSa-BCEJYS a338.2xPolítica económica. Control de la economía. Gestión de la economía. Planificación económica10aPlan y laissez-faire en la economía contemporánea 1aBuenos Aires :bEdiciones Macchic1970 a120 p.c22 cm. a1. Plan y antiplan - 2. Los planes soviéticos y la planificación centralizada - 3. El subdesarrollo y la planificación imperativa - 4. El plan francés y los planes indicativos - 5. Las experiencias argentinas – 6. Hacia planes supranacionales. 1 aMontuschi, Luisa1 aVázquez-Presedo, Vicente